000
00318nam a2200109Ia 4500
008
171211s9999 xx 000 0 und d
245
_a
Getting by in Europe's Urban Labour Markets
245
_c
Inge Van Nieuwenhuyze
260
_c
2008
650
_x
Economics
856
_u
http://down.ebook777.com/064/9789089640505.pdf
999
_c
348095
_d
348095